000 00215nam a22000857a 4500
008 170622b xxu||||| |||| 00| 0 eng d
100 _93627
_aPearson
245 _aOracle PL/SQL by example
260 _aNew delhi
_bD. K
_c2010
999 _c7018
_d7018